000 00577nam a2200193Ia 4500
005 20250326140550.0
008 250326s9999 xx 000 0 und d
020 _a0-471-83558-7
037 _aTextbook
040 _aFMSL
_beng
_cFMSL
041 _aeng
_2eng
084 _aX:8 P0
_qFMSL
100 _aButler Charlotte
_9591971
245 0 _aManager's mantras: one company's struggle for simplicity
_cButler Charlotte; Keary John
260 _aSingapore
_bSingapore, John Wiley
_c2000
300 _axviii,352
942 _cTB
_hX:8 P0
999 _c1286340
_d1286340